[Event "NOR-chT 2018"]
[Site "Bergen"]
[Date "2018.05.11"]
[Round "2"]
[White "Vitenberg, Noam Aviv"]
[Black "Abdrlauf, Elham"]
[Result "1/2-1/2"]
[WhiteElo "2103"]
[BlackElo "2149"]
[Annotator "TA"]
[PlyCount "87"]
[EventDate "2018.??.??"]
[EventCountry "NOR"]
[SourceTitle "playchess.com"]
[Source "ChessBase"]
[SourceQuality "1"]

{[%evp 18,87,7,0,54,44,59,10,24,10,27,19,73,67,68,29,48,29,52,41,117,19,28,36,22,11,11,12,34,-8,-13,-58,-58,-55,-39,-58,-60,-64,-58,-64,-16,-13,-19,-32,-20,-20,-20,-20,-20,-20,-20,-20,-20,-20,-20,-28,-13,-28,-28,-28,-28,-28,-28,-28,-28,-29,-28,-28,-28,-28,0,0]} 1. d4 Nf6 2. c4 e6 3. Nc3 Bb4 4. e3 O-O 5. Nf3 d5 6. Bd3 c5 7. O-O cxd4 8. exd4 dxc4 9. Bxc4 h6 {E54: Nimzo-Indian: Rubinstein: Main Line: 7...dxc4 8 Bxc4} (9... b6 10. Bg5 Bb7 11. Rc1 Nc6 12. a3 Be7 13. Ba2 Rc8 14. Qd3 h6 15. Be3 Bd6 16. Rfd1 Ne7 17. Ne5 Bxe5 18. dxe5 Qxd3 19. Rxd3 Nfd5 20. Bd2 Nxc3 21. Rdxc3 Rxc3 22. Bxc3 {½-½ (67) Le,Q (2737)-Ding,L (2777) Huaian 2017}) 10. Bf4 {LiveBook: 3 Games} Bxc3 $146 (10... b6 $11) ({Predecessor:} 10... Nc6 11. Rc1 a6 12. a3 Bd6 13. Be5 Be7 14. Qe2 b5 15. Ba2 Bb7 16. Rfd1 Rc8 17. Bxf6 Bxf6 {½-½ (30) Margvelashvili,G (2556)-Holt,C (2534) Dallas 2013}) 11. bxc3 $14 b6 {White is slightly better.} 12. Qe2 Bb7 13. Rac1 Nbd7 14. Rfd1 Ne4 (14... Rc8 $11 {remains equal.}) 15. Bd3 $16 Ndf6 16. Nd2 Nxd2 17. Qxd2 Be4 18. Be2 b5 {[#]} (18... Nd5 $14) 19. Bxb5 (19. f3 $1 $16 {[%cal Rf3e4]} Bc6 20. Bd3) 19... Bxg2 $1 $11 20. Kxg2 Qd5+ 21. f3 Qxb5 22. Rg1 Kh7 23. Kh1 Qf5 24. Qc2 (24. Qe3 {keeps more tension.} Nd5 25. Qe5 Qxe5 26. Bxe5 f6 27. c4) 24... Qxc2 25. Rxc2 Nd5 26. Be5 f6 27. Bd6 Rfc8 28. Bc5 Nb6 29. Re2 Rc6 30. Rge1 e5 {Threatening ...Na4.} 31. Bxb6 axb6 32. dxe5 fxe5 33. Rxe5 Rxc3 {[%mdl 4096] Endgame KRR-KRR} 34. Re7 Rxf3 35. Rg1 Rg8 36. Rb7 Ra3 37. Rxb6 Rxa2 38. Rb7 h5 39. Rb5 {[%cal Rb5h5]} g6 40. Rb6 Kh6 41. Rc6 Ra5 42. Rb6 h4 43. Rb4 g5 {[#]} 44. Rxh4+ $1 {[%mdl 512] Precision: White = 62%, Black = 51%.} 1/2-1/2

[Event "NOR-chT 2018"]
[Site "Bergen"]
[Date "2018.05.11"]
[Round "2"]
[White "Haugsdal, Arn-Tore"]
[Black "Moen, Ole Christian"]
[Result "0-1"]
[WhiteElo "1987"]
[BlackElo "2194"]
[Annotator "TA"]
[PlyCount "52"]
[EventDate "2018.??.??"]
[EventCountry "NOR"]
[SourceTitle "playchess.com"]
[Source "ChessBase"]
[SourceQuality "1"]

{[%evp 22,52,0,0,0,-16,-22,-29,22,10,50,-3,-11,-3,-6,-119,-125,-189,-113,-111,54,-92,-98,-238,-225,-397,-393,-1503,-864,-858,-800,-2529,-2422]} 1. e4 e5 2. Nf3 Nc6 3. d4 exd4 4. Nxd4 Bc5 5. Be3 Bb6 6. Nc3 Nf6 7. Nxc6 bxc6 {C47: Scotch Four Knights and Four Knights with 4 g3} 8. e5 Bxe3 9. fxe3 Nd5 10. Nxd5 cxd5 11. Qxd5 Qh4+ 12. Kd1 {LiveBook: 7 Games} Rb8 13. Bc4 O-O 14. Qd4 Qh5+ (14... Qg5 $142) 15. Kd2 {[#]} d6 $146 16. g4 (16. Raf1 $14) 16... Bxg4 $11 {Strongly threatening ...c5.} 17. Rag1 {Threatens to win with e6.} Bf3 {[#]} 18. exd6 (18. e6 $1 $11 {[%mdl 512] was the only way to keep the balance.} Qh6 19. e7) 18... g6 $17 19. d7 (19. h4 $17 {was worth a try.} Bxh1 20. dxc7) 19... Rbd8 (19... Qa5+ $1 $19 20. Kc1 Qb6 21. Qxb6 Rxb6) 20. Kc1 {[#]} c5 $2 (20... Qf5 $1 $17 21. Rf1 Rxd7) 21. Qd6 {[#]} (21. Qf6 $14 {is the one way to stay ahead.} Rxd7 22. Rg5 Qxg5 23. Qxg5 Bxh1 24. Qxc5) 21... Qh4 $1 $36 {[%cal Rh4c4][%mdl 2048] Black is on the roll.} 22. b3 (22. Bd5 $17 {is the only way for White.} Bxh1 23. Rxh1) 22... Qe4 $19 23. Qf6 $2 (23. Bd3 Qxe3+ 24. Kb1) 23... Rxd7 24. Rd1 $2 (24. Bd3 Qxe3+ 25. Kb1 Bxh1 26. Rxh1) 24... Qxe3+ {Black is clearly winning.} 25. Kb2 Bxd1 26. Rxd1 Rxd1 {Precision: White = 10%, Black = 41%.} 0-1

[Event "NOR-chT 2018"]
[Site "Bergen"]
[Date "2018.05.11"]
[Round "2"]
[White "Birkestrand, Odd"]
[Black "Tunsjo, Axel"]
[Result "0-1"]
[WhiteElo "1689"]
[BlackElo "1901"]
[Annotator "NA RC"]
[PlyCount "60"]
[EventDate "2018.??.??"]
[EventCountry "NOR"]
[SourceTitle "playchess.com"]
[Source "ChessBase"]
[SourceQuality "1"]
[TimeControl "40/5400:1800"]

1. e4 {[%emt 0:00:02]} c5 {[%emt 0:00:49]} 2. c3 {[%emt 0:00:19]} Nf6 {[%emt 0:01:07]} 3. e5 {[%emt 0:00:07]} Nd5 {[%emt 0:00:05]} 4. Nf3 {[%emt 0:00:10]} e6 {[%emt 0:00:36]} 5. Be2 {[%emt 0:02:10]} d6 {[%emt 0:00:35]} 6. d4 {[%emt 0:00:19]} cxd4 {[%emt 0:00:32]} 7. cxd4 {[%emt 0:00:02]} dxe5 {[%emt 0:00:02]} 8. dxe5 {[%emt 0:00:02]} Nc6 {[%emt 0:02:13]} 9. O-O {[%emt 0:02:34]} Qc7 {[%emt 0:01:52]} 10. Qa4 {[%emt 0:03:17]} Bd7 {[%emt 0:00:46]} 11. Qe4 {[%emt 0:00:14]} Be7 {[%emt 0:06:06]} 12. Bd2 $14 {[%emt 0:01:14]} O-O {[%emt 0:09:20]} 13. Nc3 {[%emt 0:00:46]} f5 {[%emt 0:08:04]} 14. Nxd5 {[%emt 0:17:12]} fxe4 {[%emt 0:00:18]} 15. Nxc7 {[%emt 0:00:10]} exf3 {[%emt 0:00:53]} 16. Bxf3 {[%emt 0:00:45]} Rac8 {[%emt 0:06:55]} 17. Bxc6 {[%emt 0:05:31]} bxc6 {[%emt 0:00:27]} 18. Na6 {[%emt 0:00:18]} c5 {[%emt 0:00:14]} 19. Rfc1 {[%emt 0:05:55]} Bb5 {[%emt 0:01:38]} 20. Nxc5 {[%emt 0:01:14]} Bxc5 {[%emt 0:00:02]} 21. Rxc5 {[%emt 0:00:27]} Rxc5 {[%emt 0:00:04]} 22. Bb4 {[%emt 0:00:06]} Rxe5 {[%emt 0:00:09]} 23. Bxf8 {[%emt 0:00:06]} Kxf8 {[%emt 0:00:05]} 24. a4 {[%emt 0:03:48]} Be8 {[%emt 0:01:29]} 25. Kf1 {[%emt 0:00:55]} Re4 {[%emt 0:00:29]} 26. b3 {[%emt 0:01:33]} Rb4 {[%emt 0:00:03]} 27. Ra3 {[%emt 0:00:28]} e5 {[%emt 0:00:08]} 28. Ke2 {[%emt 0:01:25]} Bf7 {[%emt 0:00:07]} 29. Kd3 {[%emt 0:00:08]} Rxb3+ {[%emt 0:00:08]} 30. Rxb3 {[%emt 0:00:02]} Bxb3 {[%emt 0:00:11]} 0-1

[Event "NOR-chT 2018"]
[Site "Bergen"]
[Date "2018.05.12"]
[Round "3"]
[White "Tari, Aryan"]
[Black "Manne, Per Erik"]
[Result "1-0"]
[WhiteElo "2603"]
[BlackElo "2184"]
[Annotator "TA"]
[PlyCount "75"]
[EventDate "2018.??.??"]
[EventCountry "NOR"]
[SourceTitle "playchess.com"]
[Source "ChessBase"]
[SourceQuality "1"]

{[%evp 14,75,35,19,87,68,97,91,100,103,133,132,183,161,160,114,118,94,97,100,175,175,152,122,123,114,222,208,213,219,227,218,213,224,222,211,204,211,200,191,258,258,248,248,232,145,281,276,279,280,279,262,351,343,369,361,356,360,469,445,29978,29979,29992,29993]} 1. e4 Nf6 2. e5 Nd5 3. d4 d6 4. Nf3 g6 5. Bc4 Nb6 6. Bb3 Bg7 7. O-O O-O 8. Re1 {LiveBook: 6 Games} d5 {B04: Alekhine's Defence: 4 Nf3} (8... Nc6 $11) 9. Nbd2 Bg4 $146 ({Predecessor:} 9... a5 10. a3 Na6 11. Nf1 c5 12. c3 Be6 13. Ne3 Qd7 14. Ng5 Rac8 15. h4 cxd4 16. Nxe6 Qxe6 17. cxd4 {½-½ (28) Joshi,G (2256)-Dzhumaev,M (2481) Chennai 2012}) 10. h3 Bxf3 {White is better.} 11. Nxf3 ({Much worse is} 11. gxf3 $6 Na6 $11) 11... Nc6 12. c3 f6 (12... Qd7 $16 13. a4 a5) 13. e6 $18 Qd6 14. Bc2 Nd8 15. Qe2 f5 16. Bg5 h6 {[#]} (16... Bf6 $16 {is a better defense.}) 17. Bh4 $1 c5 18. Bg3 $36 {[%mdl 2048] White is in control.} Qc6 19. Be5 Bxe5 (19... Nc4 $16 {was necessary.}) 20. Nxe5 Qxe6 21. dxc5 Nc4 22. Nxc4 Qxe2 23. Rxe2 dxc4 24. Rxe7 Rf7 25. Re8+ Rf8 26. Rae1 Rc8 (26... Nc6 {keeps fighting.} 27. R8e6 Kg7) 27. Ba4 Nc6 28. R8e6 Kg7 29. Rd1 {[#] aiming for Rdd6.} Rf6 (29... Rfd8 $16 30. Red6 Rxd6 31. cxd6 Ne5) 30. Rd7+ Rf7 31. Rdd6 Ne7 32. Bd7 Rd8 33. Bb5 Rxd6 34. cxd6 {[%cal Bc5d6,Bd6e7][%mdl 32]} Nc6 35. Bxc4 Rd7 36. b4 Nd8 (36... a6 $18 37. a4 Rd8) 37. Re7+ Rxe7 38. dxe7 {Precision: White = 65%, Black = 36%.} 1-0

[Event "NOR-chT 2018"]
[Site "Bergen"]
[Date "2018.05.12"]
[Round "3"]
[White "Haug, Johannes"]
[Black "Kizatbay, Abyl"]
[Result "1-0"]
[WhiteElo "2387"]
[BlackElo "2047"]
[Annotator "TA"]
[PlyCount "73"]
[EventDate "2018.??.??"]
[EventCountry "NOR"]
[SourceTitle "playchess.com"]
[Source "ChessBase"]
[SourceQuality "1"]

{[%evp 18,73,65,70,72,65,53,56,101,74,133,135,108,109,155,168,158,120,125,138,137,37,41,40,152,102,179,175,260,227,219,89,120,65,79,77,70,0,92,91,124,131,183,143,687,713,708,706,557,484,1819,1775,29994,29995,29997,29998,29998,29999]} 1. d4 Nf6 2. c4 c5 3. d5 b5 4. cxb5 a6 5. bxa6 g6 6. Nc3 {A58: Benko/Volga Gambit: Lines with 5 bxa6} Bg7 7. a7 (7. Nf3 O-O 8. g3 d6 9. Bg2 Nxa6 10. O-O Bf5 11. Nh4 Bd7 12. b3 Qb6 13. Bd2 Rfb8 14. Re1 Nc7 15. Qc2 Ra3 16. Qc1 Qa7 17. e4 Ng4 18. h3 {0-1 (38) Li,C (2732)-Shankland,S (2671) Liaocheng 2018}) 7... Rxa7 8. e4 O-O 9. Nf3 d6 10. Be2 {LiveBook: 22 Games} e6 11. dxe6 Bxe6 12. O-O d5 $146 ({Predecessor:} 12... Rb7 13. Qc2 Nc6 {½-½ (56) Schulze,G (1964)-Mathias,M (2180) GER email 2012}) 13. Ng5 $1 d4 (13... Nc6 $142) 14. Nxe6 $16 fxe6 15. Nb5 {[%cal Bc3b5,Bb5d6,Bd6e4][%mdl 32]} Rd7 16. Bc4 Kh8 17. e5 ({Resist} 17. Bxe6 $6 Re7 $14) 17... Nd5 18. f4 $1 Nc6 {[#]} 19. Bxd5 (19. Qg4 $1 $16) 19... Rxd5 $14 20. Nd6 Ne7 (20... d3 $14) 21. Bd2 Nc8 (21... d3 $16) 22. Ne4 $18 Nb6 (22... c4 $142 23. Bb4 Rf5) 23. b3 c4 24. bxc4 (24. Bb4 $18 {and White stays clearly on top.}) 24... Nxc4 $16 25. Rc1 (25. Bb4 $16) 25... Nxd2 $14 26. Qxd2 Bh6 27. Rc4 (27. Nf6 $14 Rxe5 28. Ng4) 27... d3 {[#]} (27... Rxe5 $1 $11 {remains equal.} 28. Rxd4 Rd5 29. Rxd5 exd5) 28. g3 $1 $16 Qb6+ 29. Kg2 Rb8 (29... Rfd8 $16) 30. Rfc1 Qb7 $2 {[%mdl 8192]} (30... Bf8 $16 31. Rc7 Rb7) 31. Rc7 $18 Qa8 32. Kh3 Bg7 33. Nd6 h5 {[#]} (33... Rf8 $142 34. Rd7 Rf5 35. Nxf5 Rxd7) 34. f5 $1 {[%mdl 512] Qg5 would kill now.} exf5 {[#]} 35. Rxg7 $1 {[%mdl 512] White mates.} Kxg7 36. Rc7+ Kg8 37. Qh6 {Precision: White = 65%, Black = 34%.} 1-0

[Event "NOR-chT 2018"]
[Site "Bergen"]
[Date "2018.05.12"]
[Round "3"]
[White "Elseth, Roar"]
[Black "Lindbol, Aleksander"]
[Result "0-1"]
[WhiteElo "2331"]
[BlackElo "2136"]
[Annotator "TA"]
[PlyCount "110"]
[EventDate "2018.??.??"]
[EventCountry "NOR"]
[SourceTitle "playchess.com"]
[Source "ChessBase"]
[SourceQuality "1"]

{[%evp 31,110,-8,0,-22,-25,-20,-20,-54,-31,-64,-67,-97,-58,-37,-50,-61,-5,-8,0,0,0,-8,0,0,0,0,0,0,0,0,0,0,0,0,0,-23,-27,-28,0,0,5,7,12,0,0,-2,105,-173,-179,-175,-142,-307,-309,-450,-443,-515,-475,-692,-660,-697,-685,-684,-688,-660,-643,-629,-601,-1879,-1750,-2608,-2341,-885,-592,-5969,-5466,-29968,-29968,-12796,-591,-29984,-29985]} 1. e4 c6 2. d4 d5 3. Nc3 dxe4 4. Nxe4 Bf5 5. Ng3 Bg6 6. Nf3 Nd7 7. h4 h6 8. h5 Bh7 9. Bd3 Bxd3 10. Qxd3 e6 11. Bd2 Ngf6 12. O-O-O Be7 13. Kb1 O-O 14. Qe2 Qb6 {B19: Classical Caro-Kann: 4...Bf5 main line} (14... c5 15. d5 Nxd5 16. Ne4 Qb6 17. g4 N7f6 18. g5 Nxe4 19. Qxe4 c4 20. Qxc4 hxg5 21. Ne5 Rac8 22. Qe2 {1-0 (41) Stefansson,H (2585)-Granda Zuniga,J (2636) Khanty-Mansiysk 2010}) 15. c4 Rfe8 16. Ne5 Rad8 {LiveBook: 6 Games. The position is equal.} 17. Be3 c5 18. f4 Qc7 $146 ({Predecessor:} 18... Nb8 19. Qd3 Rf8 20. f5 Nc6 21. Nxf7 Nb4 22. Nxh6+ gxh6 {0-1 (43) Braggaar,L (2065)-Blom,V (2218) Leiden 2014}) 19. Qc2 Bd6 (19... cxd4 {with more complications.} 20. Bxd4 Rc8 21. Qe2 Nxe5 22. fxe5 Nd7) 20. Nxd7 Rxd7 21. dxc5 Bxc5 22. Rxd7 Nxd7 23. Bc1 Nf6 (23... Be7 $15) 24. Ne4 $11 Nxe4 25. Qxe4 Rd8 26. b3 Rd4 27. Qc2 Rd8 28. g4 Qc6 29. Rf1 Qd6 30. g5 hxg5 31. fxg5 Qd3 32. Qxd3 Rxd3 {[%mdl 4096] Endgame KRB-KRB} 33. h6 gxh6 34. gxh6 {And now h7+! would win.} f5 35. Re1 Kf7 $1 36. Rh1 Bd4 $1 37. h7 {Threatens to win with Bb2.} Bh8 38. Bb2 Rd8 {[#]} (38... e5 $1 $11) 39. Re1 $2 {[%mdl 8192]} (39. Bxh8 $1 $16 {is necessary to keep the advantage.} Rxh8 40. Kc2) 39... Bxb2 $19 40. Kxb2 {Strongly threatening Rd1! KR-KR} Rh8 41. Kc3 $2 (41. Rh1 $17 {was forced.}) 41... Rxh7 42. Kd4 (42. b4 $142) 42... Kf6 43. c5 Rd7+ 44. Kc4 (44. Kc3 $142 e5 45. b4) 44... e5 45. b4 a6 46. a4 e4 47. b5 axb5+ 48. axb5 Ke5 49. c6 bxc6 50. bxc6 Rc7 51. Kc5 f4 {[%cal Bf5f4,Bf4f3][%mdl 32] [#] Hoping for ...f3.} 52. Rh1 f3 53. Rh8 e3 {[%cal Be4e3,Be3e2][%mdl 32]} 54. Re8+ Kf4 55. Kd4 e2 {Precision: White = 33%, Black = 73%.} 0-1

[Event "NOR-chT 2018"]
[Site "Bergen"]
[Date "2018.05.12"]
[Round "3"]
[White "Mork, Kjell Arne"]
[Black "Grandelius, Nils"]
[Result "0-1"]
[WhiteElo "2296"]
[BlackElo "2651"]
[Annotator "TA"]
[PlyCount "73"]
[EventDate "2018.??.??"]
[EventCountry "NOR"]
[SourceTitle "playchess.com"]
[Source "ChessBase"]
[SourceQuality "1"]

{[%evp 20,73,41,27,21,25,60,7,57,50,52,45,62,29,44,25,22,26,41,41,41,35,56,38,14,0,0,-14,-22,-11,-5,-18,0,-41,-32,-40,-46,-33,56,-125,-133,-129,-120,-112,-122,-151,-7,-316,-314,-982,-970,-1898,-1897,-1733,-1559,-766]} 1. e4 c5 2. Nf3 e6 3. b3 a6 4. Bb2 Nc6 5. c4 d6 6. d4 cxd4 7. Nxd4 Bd7 8. Nc3 Nf6 9. Be2 Be7 10. O-O O-O 11. Qd2 {LiveBook: 4 Games. B28: Sicilian: 2 Nf3 a6 (O'Kelly Variation)} (11. Kh1 Nxd4 12. Qxd4 Bc6 13. Rfd1 Qa5 14. f3 Rad8 15. a4 Nh5 16. f4 e5 17. Qd2 Nxf4 18. Nd5 Qxd2 19. Nxe7+ {1-0 (33) Shimanov,A (2642)-Iljiushenok,I (2489) Sochi 2017}) 11... Rb8 12. Rfd1 Re8 $146 ({Predecessor:} 12... Nxd4 13. Qxd4 Qa5 14. a3 Qg5 15. Rd3 Bc6 16. Rg3 Qf4 17. Bc1 Qe5 18. Qxe5 dxe5 19. Bh6 Ne8 20. b4 f5 21. Bg5 Nf6 {½-½ (21) Paljusaj,E (2288)-Dembo,Y (2482) Rijeka 2009}) 13. Rac1 (13. Nc2 $14) 13... Ne5 {[%cal Bc6e5,Be5g6,Bg6f4][%mdl 32]} 14. h3 h6 15. Qe3 Ng6 16. Nf3 Qc7 17. Bd3 Rbd8 18. Ne2 e5 19. Nc3 Nf4 20. Bf1 Rc8 21. Ba3 Qb8 22. Qe1 b5 23. Nd5 N6xd5 24. cxd5 Rxc1 25. Rxc1 f5 26. Bb4 (26. g3 $5 {[%cal Rg3f4]} fxe4 27. gxf4 exf3 28. Qe4 $11) 26... fxe4 27. Qxe4 Qb7 $36 {[%mdl 2048] Black is pushing.} 28. Rd1 $1 Be6 (28... Bc8 $15) 29. Bd3 $2 (29. Nxe5 $1 $14 {is the one way to stay ahead.} dxe5 30. Qxe5 Nxh3+ 31. gxh3) 29... Bxd5 $17 30. Qh7+ Kf7 31. Ne1 Bxg2 32. Bc2 {[#] And now Bd2 would win.} Bxh3 (32... Bd5 $1 $17 {aiming for ...Bh4.} 33. Bd2 Nxh3+ 34. Kh2 Nxf2 35. Qf5+ Kg8 36. Qh7+ Kf8 37. Qf5+ Bf6 38. Qxf2 Qf7) 33. Bxd6 $2 {[%mdl 8192]} (33. Bd2 $11 {and White has nothing to worry.}) 33... Bf6 $19 34. Bc5 $2 (34. b4) 34... Qc8 {Black is clearly winning.} 35. Be3 Qg4+ 36. Kh2 Bg2 {[#] ( -> ...Qh5+)} 37. Rd7+ {Precision: White = 34%, Black = 49%.} 0-1

[Event "NOR-chT 2018"]
[Site "Bergen"]
[Date "2018.05.12"]
[Round "3"]
[White "Ranaldi, Lucas"]
[Black "Gausel, Einar J"]
[Result "1-0"]
[WhiteElo "2251"]
[BlackElo "2453"]
[Annotator "TA"]
[PlyCount "99"]
[EventDate "2018.??.??"]
[EventCountry "NOR"]
[SourceTitle "playchess.com"]
[Source "ChessBase"]
[SourceQuality "1"]

{[%evp 19,99,18,18,6,12,0,7,0,8,-6,-12,-14,0,-29,-27,-31,-31,-43,-43,-43,-43,-65,-35,-40,-47,-77,-83,-74,-72,-89,-35,-37,-35,-35,-31,-30,-30,-30,-28,-30,-27,-30,-29,-32,-32,-32,-32,-37,-14,-19,0,0,16,16,16,11,75,58,72,32,32,13,20,14,797,788,791,776,747,564,29957,29963,29944,6331,29980,29981,29981,29982,29982,29982,29982,29983]} 1. Nf3 Nf6 2. c4 e6 3. g3 a6 4. Nc3 d5 5. cxd5 exd5 6. Bg2 {A13: English Opening: 1...e6} Be7 7. O-O O-O 8. d4 c6 9. Bf4 Bf5 10. Qb3 Ra7 {LiveBook: 4 Games} 11. Rac1 Nbd7 12. Ne5 $146 ({Predecessor:} 12. Na4 Qa5 13. Nc5 Nxc5 14. dxc5 {0-1 (52) Razin,V (2345)-Short,N (2684) Minsk 2015}) 12... Be6 13. Nxd7 (13. Qc2 {is interesting.} Ra8 14. Rfd1 Nb6 15. h3 Nfd7 16. Nd3) 13... Nxd7 14. Rfd1 Nb6 15. Qc2 Ra8 16. Na4 (16. e4 {is more complex.} dxe4 17. Bxe4 g6 18. Qd3 Bc4 19. Qe3) 16... Nxa4 17. Qxa4 Re8 18. Qb3 Qd7 19. Bf3 a5 20. a4 Bb4 21. Bd2 Bd6 22. Bf4 Bxf4 23. gxf4 Bf5 24. Kh1 Re6 (24... Qe7 $17) 25. Rg1 $15 Rg6 26. Rg3 Qe7 27. e3 Qb4 28. Qxb4 axb4 29. b3 Kf8 30. Bd1 Ke7 31. Bc2 Bxc2 32. Rxc2 {[%mdl 4096] Endgame KRR-KRR} Kd6 33. Kg2 b6 34. Kf3 f5 35. Ke2 Ra7 36. Rxg6+ hxg6 $11 {KR-KR} 37. Rc1 {Strongly threatening Rg1.} Re7 (37... c5 $11 {remains equal.}) 38. Rg1 Re6 39. Kd3 (39. a5 $5 {[%cal Ra5b6]} Kc7 40. axb6+ Kxb6 41. h3 $14) 39... Kc7 40. h4 {[%cal Bh2h4,Bh4h5,Bh5g6][%mdl 32]} c5 41. h5 Rc6 $2 {[%mdl 8192]} (41... gxh5 $11 42. Rxg7+ Kc6) 42. Rxg6 $18 c4+ {[#]} 43. bxc4 $1 dxc4+ 44. Kc2 Rxg6 45. hxg6 {KP-KP} Kd6 {[#]} 46. e4 $1 {[%cal Re4f5][%mdl 512]} Ke6 (46... fxe4 47. f5) 47. d5+ {[%cal Bd4d5,Bd5d6][%mdl 32] White mates.} Kf6 48. exf5 Kxf5 49. d6 Ke6 {[#]} 50. f5+ $1 {[%mdl 512] Precision: White = 67%, Black = 49%.} 1-0

[Event "NOR-chT 2018"]
[Site "Bergen"]
[Date "2018.05.12"]
[Round "3"]
[White "Vea, Odin Blikra"]
[Black "Sandal, Eirik"]
[Result "1-0"]
[WhiteElo "2187"]
[BlackElo "2073"]
[Annotator "TA"]
[PlyCount "59"]
[EventDate "2018.??.??"]
[EventCountry "NOR"]
[SourceTitle "playchess.com"]
[Source "ChessBase"]
[SourceQuality "1"]

{[%evp 9,59,9,62,52,65,75,84,35,37,27,62,73,67,61,59,62,81,28,26,-33,-32,-14,18,-27,-26,-33,-25,-39,-32,-97,-87,-216,-206,-197,-50,-283,-237,-286,-165,-187,-13,-22,0,0,0,0,0,0,29996,29997,29997,29998]} 1. e4 c5 2. a3 g6 3. d4 (3. Nc3 Bg7 4. Bc4 Nc6 5. d3 d6 6. h4 Nf6 7. Nge2 h5 8. Bg5 Nd4 9. Nxd4 cxd4 10. Nd5 Nxd5 11. Bxd5 {1-0 (62) Carlsen,M (2832)-Guseinov,G (2645) chess.com INT 2017}) 3... Bg7 4. dxc5 Qc7 5. Nc3 Qxc5 $146 (5... Bxc3+ $1 $11 6. bxc3 Nf6) ({Predecessor:} 5... Nf6 6. Be3 O-O 7. f3 Na6 8. Bxa6 bxa6 9. Nge2 a5 10. O-O Ba6 {1-0 (41) Damia,A (2268)-Szalanczy,E (2246) Budapest 2016}) 6. Nd5 {B20: Sicilian: Unusual White 2nd moves} Nf6 7. b4 Qd6 8. Bf4 {White is better.} e5 9. Be3 {Threatens to win with Bc5.} b6 10. Nxf6+ Qxf6 11. Qd5 Qc6 $1 {[%cal Rc6c3]} 12. Bc4 O-O $1 13. b5 (13. Ne2 $16) 13... Qc7 $1 $11 {White should prevent ...Bb7.} 14. Rd1 (14. Qxa8 $11 Bb7 15. Qxa7 Qxc4 16. f3 (16. Qxb7 Qc3+ 17. Ke2 Qxa1 $14) 16... Bxe4 17. Rc1 (17. fxe4 Qc3+ 18. Ke2 Qxa1 $15)) 14... Bb7 $15 15. Qd3 Rc8 16. Bd5 a6 17. Nf3 axb5 18. Ng5 Rf8 19. Bb3 ({Better is} 19. Bxb7 $15 Qxb7 20. O-O) 19... h6 $17 20. h4 (20. Nf3 $17) 20... hxg5 $19 21. h5 gxh5 (21... Rxa3 $19 {Hoping for ...gxh5.} 22. hxg6 Rxb3 $1 {[%mdl 512]} 23. cxb3 Qc6 24. gxf7+ Rxf7) 22. Bxg5 $2 ({White has to play} 22. Rxh5 $15 Rc8 23. Rxg5 Qc3+ 24. Qxc3 Rxc3 25. Rg4) 22... Rxa3 23. Rxh5 b4 (23... Qc6 $142 {And now ...Qg6 would win.} 24. Rh4 Qg6) 24. Bd2 {[#]} Rc8 $2 (24... Rxb3 $1 $19 25. cxb3 Qc6) 25. Rg5 $1 $11 {[%cal Rg5g7]} ({Avoid the trap} 25. Bxb4 $2 {[#]} Rxb3 $1 {[%mdl 512]} 26. cxb3 Qc6 $19) 25... Rxb3 26. cxb3 {Qg3 is the strong threat.} Qc2 {[#]} 27. Rxg7+ $1 {[%mdl 512]} Kxg7 28. Qg3+ Kf8 $2 {[%mdl 8192]} (28... Kh7 $11 29. Qh3+ Kg7 30. Qg3+ Kh7 31. Qh3+ Kg7 32. Qg3+) 29. Bh6+ Ke8 30. Qxe5+ {Precision: White = 33%, Black = 77%.} 1-0

[Event "NOR-chT 2018"]
[Site "Bergen"]
[Date "2018.05.12"]
[Round "3"]
[White "Saevareid, Ove"]
[Black "Christiansen, Johan-Sebastian"]
[Result "0-1"]
[WhiteElo "2166"]
[BlackElo "2499"]
[Annotator "TA"]
[PlyCount "54"]
[EventDate "2018.??.??"]
[EventCountry "NOR"]
[SourceTitle "playchess.com"]
[Source "ChessBase"]
[SourceQuality "1"]

{[%evp 20,54,-1,-14,2,0,0,-79,-62,-75,-71,-68,-57,-102,-93,-93,-73,-190,-191,-189,-182,-188,-189,-181,-165,-186,-184,-217,-213,-286,-281,-271,-283,-383,-408,-408,-407]} 1. Nf3 d5 2. c4 d4 3. e3 Nc6 4. exd4 Nxd4 5. Nxd4 Qxd4 6. Nc3 c6 7. d3 Nh6 {A09: Réti Opening: 1 Nf3 d5 2 c4} 8. Be3 (8. Be2 g6 9. h3 Bg7 10. g4 f5 11. Be3 Qd6 12. Qd2 Nf7 13. O-O-O O-O 14. f4 b5 15. d4 bxc4 16. Bxc4 {0-1 (28) Anand,V (2793)-Kramnik,V (2769) London 2014}) 8... Qd8 9. d4 Nf5 10. Be2 g6 11. Qd2 {LiveBook: 24 Games} Nxe3 $146 ({Predecessor:} 11... Bg7 12. Rd1 O-O 13. O-O Nxe3 14. Qxe3 Bf5 15. Rd2 {½-½ (72) Kovalev,D (2504)-Brunello,S (2553) Katowice 2017}) 12. fxe3 Bh6 13. Qd3 (13. h4 $11 {remains equal.}) 13... e5 $17 14. O-O exd4 15. exd4 Bf5 16. Rxf5 gxf5 17. Rf1 Bg7 18. Qxf5 (18. d5 $17 {is a better defense.}) 18... Qxd4+ $19 19. Kh1 {[#]} O-O $1 20. Bd3 {[%csl Gd3][%cal Rf5h7]} Qh4 21. Ne4 Rad8 ({Weaker is} 21... Bxb2 22. Rf4 $11) 22. g3 Qh6 23. Bb1 Qg6 24. Qh3 f5 ({And not} 24... Bxb2 {[#]} 25. Nf6+ $1 {[%mdl 512]} Bxf6 26. Bxg6 $11) 25. Nc5 {[%cal Rb1f5]} Qg4 ({Not} 25... Bxb2 26. Bxf5 Rxf5 27. Qxf5 $15) 26. Qg2 Qxc4 27. b4 {[#]} Rd2 $1 {[%mdl 512] Precision: White = 44%, Black = 85%.} 0-1